| 000 | 00586nam a22002177a 4500 | ||
|---|---|---|---|
| 003 | AR-RoUNCS | ||
| 005 | 20251106100721.0 | ||
| 008 | 251106t1997 en |||||r|||| 00| f eng d | ||
| 020 | _a84-294-4921-3 | ||
| 040 |
_aAR-RoUNCS _cAR-RoUNCS |
||
| 080 | _0821.111-32 | ||
| 100 | 1 |
_aSmith, Rod _eautor |
|
| 245 | 1 | 0 |
_aCold feet / _cRod Smith. |
| 260 |
_aLondon : _bRichmond Publishing, _c1997. |
||
| 300 |
_a79 p. ; _c20 cm. |
||
| 490 | 0 | _aRichmond readers, Level 3. | |
| 650 | 4 | _aLITERATURA INGLESA | |
| 650 | 4 |
_aINGLÉS _vLIBROS DE LECTURA |
|
| 655 | 4 | _aNOVELA | |
| 942 |
_2udc _cLPD _n0 |
||
| 999 |
_c689 _d689 |
||